000 00786nam a2200241 i 4500
001 bg
100 1 _aCHUDYBA, Henryk
245 1 0 _aWskazówki metodyczne do ćwiczeń z botaniki /
_cHenryk Chudyba.
250 _aWyd. 4.
260 _aOlsztyn :
_bWydawnictwo Uniwersytetu Warmińsko-Mazurskiego,
_c2000.
300 _a102 s. :
_brys. ;
_c24 cm.
504 _aBibliogr.
650 9 _aBotanika
655 _aĆwiczenia i zadania dla szkół wyższych
020 _a8388343297
040 _cBPK
041 0 _apol
080 _a58(075.8)(076)
920 _a83-88343-29-7
942 _cKS
008 s pl f |000 0 pol
999 _c53377
_d53377
856 _uhttp://koha.tu.koszalin.pl/cgi-bin/koha/opac-detail.pl?biblionumber=53377
_yKatalog online BPK